[Event "Asian Continental-ch Open 2019"]
[Site "XingTai"]
[Date "2019.06.08"]
[Round "2.4"]
[White "Nguyen, Ngoc Truong Son"]
[Black "Li, Di"]
[Result "1/2-1/2"]
[WhiteElo "2639"]
[BlackElo "2535"]
[Annotator "TA"]
[PlyCount "32"]
[EventDate "2019.06.06"]
[EventType "swiss"]
[EventCountry "CHN"]
[SourceTitle "playchess.com"]
[Source "ChessBase"]
[SourceQuality "1"]

{[%evp 12,19,30,21,37,-9,-4,-4,-8,-14]} 1. d4 d5 2. c4 c6 3. Nc3 Nf6 4. cxd5 cxd5 5. Nf3 Nc6 6. Bf4 g6 7. e3 Nh5 {D90: Grünfeld: 4 Nf3 Bg7 sidelines} (7... Bg7 8. h3 O-O 9. Bd3 Nd7 10. Nxd5 e5 11. dxe5 Ndxe5 12. Nxe5 Qxd5 13. Nxc6 Qxc6 14. O-O Bxb2 15. Rb1 Bg7 16. Rc1 Qb6 17. Bc7 {1-0 (53) Cordova,E (2637)-Quesada Perez,Y (2533) Villahermosa 2016}) 8. Bg3 Nxg3 9. hxg3 Bg7 10. Be2 {Predecessor:} O-O $146 11. Qb3 e6 12. a3 Bd7 13. Nd2 e5 14. dxe5 d4 15. exd4 Nxd4 16. Qb4 Nc2+ {0-1 (16) Gaspar,F (1591)-Mirkowski,P (2323) ICCF email 2015} 1/2-1/2

[Event "Asian Continental-ch Open 2019"]
[Site "XingTai"]
[Date "2019.06.08"]
[Round "2.5"]
[White "Liu, Yan"]
[Black "Jumabayev, Rinat"]
[Result "1-0"]
[WhiteElo "2504"]
[BlackElo "2625"]
[Annotator "TA"]
[PlyCount "71"]
[EventDate "2019.06.06"]
[EventType "swiss"]
[EventCountry "CHN"]
[SourceTitle "playchess.com"]
[Source "ChessBase"]
[SourceQuality "1"]

{[%evp 15,71,8,20,0,0,0,0,0,0,-3,0,-4,0,-16,12,-20,-15,-19,8,0,17,0,0,0,0,-15,54,55,59,47,42,18,19,-24,-25,-28,-22,-29,-20,-48,-43,-67,-37,-54,-53,-80,-8,-12,-8,-13,-15,-26,769,758,817,794,1801,1653]} 1. d4 g6 2. Nf3 Bg7 3. g3 c5 4. Bg2 cxd4 5. Nxd4 Nc6 6. c3 Nf6 7. e4 O-O 8. O-O d6 9. h3 {A04: Unusual lines after 1 Nf3 and King's Indian Attack} e5 $146 ({Predecessor:} 9... Bd7 10. Be3 Qc8 11. Kh2 Rd8 12. Na3 Rb8 13. c4 a6 14. Rc1 Nxd4 15. Bxd4 Bc6 16. Re1 Qd7 {1-0 (34) Liu,Y (2502)-Wen,Y (2602) Hangzhou 2019}) 10. Nc2 Be6 11. Ne3 {The position is equal.} Qd7 12. Kh2 b5 {[%cal Bb7b5,Bb5b4][%mdl 32]} 13. Na3 Rab8 14. b3 b4 15. Nac4 bxc3 16. Ba3 $1 {[%cal Ra3d6]} Nb4 17. Bxb4 Rxb4 18. Qd3 Bh6 19. Qxc3 Rfb8 20. Rad1 {Black must now prevent Nxe5!} Bxe3 ({Better is} 20... Qc7 $1 $11) 21. Nxe5 $1 $14 Qb5 $1 ({Don't go for} 21... Qe7 $2 22. Nc6 $18) 22. Nd3 $1 {[%cal Rd3b4][%mdl 64] Discovered Attack} Bg5 23. f4 Rxe4 {Threatens to win with ...Re2.} 24. Bxe4 Nxe4 25. Qd4 {[#]} Nxg3 $1 {[%mdl 512]} 26. Kxg3 Be7 27. Nf2 Qh5 {[%mdl 1024] Black has compensation.} 28. Kg2 a5 29. Qe3 Rb4 30. Qf3 {[#]} Qh4 (30... Qxf3+ $1 $17 31. Kxf3 a4) 31. Ng4 $11 a4 {[%cal Ra4b3]} 32. Rd3 axb3 33. axb3 Bc8 $2 {[%mdl 8192]} (33... Rb5 $11) 34. Qa8 $18 {White is clearly winning.} Kg7 35. Qxc8 h5 36. Qc3+ {[%mdl 64] Double Attack. Accuracy: White = 55%, Black = 49%.} 1-0

[Event "Asian Continental-ch Open 2019"]
[Site "XingTai"]
[Date "2019.06.08"]
[Round "2.6"]
[White "Sadhwani, Raunak"]
[Black "Sethuraman, S.P."]
[Result "0-1"]
[WhiteElo "2482"]
[BlackElo "2613"]
[Annotator "TA"]
[PlyCount "72"]
[EventDate "2019.06.06"]
[EventType "swiss"]
[EventCountry "CHN"]
[SourceTitle "playchess.com"]
[Source "ChessBase"]
[SourceQuality "1"]

{[%evp 15,72,10,7,0,30,18,8,4,0,6,5,-7,-7,-29,-18,-24,-20,-31,-25,-24,-20,-13,-18,-39,-20,-43,-43,-41,-43,-55,-21,-18,-8,-8,-8,-8,-8,-16,-8,-37,0,-61,-59,-182,-127,-585,-569,-598,-595,-585,-576,-527,-526,-29985,-29986,-29990,-4970,-1579,-1483]} 1. Nf3 c5 2. e4 d6 3. d4 cxd4 4. Nxd4 Nf6 5. Nc3 a6 6. Bd3 e5 7. Nde2 Be7 8. O-O O-O 9. Ng3 {B90: Sicilian Najdorf: Unusual White 6th moves, 6 Be3 Ng4 and 6 Be3 e5} Be6 10. Nd5 Bxd5 11. exd5 {The position is equal.} g6 12. c4 Nbd7 13. Be3 (13. Bh6 Re8 14. Rc1 Nc5 15. Bb1 a5 16. b3 Rb8 {½-½ (26) Nepomniachtchi,I (2773)-Wojtaszek,R (2724) Moscow 2019}) 13... Ne8 $146 ({Predecessor:} 13... b6 14. b4 Ne8 15. f4 f5 {0-1 (49) Tomic,D (1653)-Lazarevic,Z (1867) Djenovici 2018}) 14. f3 Bg5 15. Bf2 f5 16. Ne2 Nef6 17. Nc3 Qc7 18. Kh1 Rae8 19. Qc2 Nc5 20. Be2 e4 21. Bd4 exf3 22. Bxf3 Be3 (22... Ncd7 $5 {[%cal Rc7c4]} 23. b3 Ne5 $11) 23. Ne2 a5 24. a3 a4 25. Bxc5 Qxc5 26. Qxa4 g5 27. Ng3 Qc8 {[%mdl 1024] Black has compensation.} 28. Qc2 (28. c5 $11) 28... Re5 $15 {...g4 is the strong threat.} 29. Rfe1 (29. Nh5 $1 $15) 29... g4 (29... f4 $19 30. Nf1 g4 31. Nxe3 fxe3) 30. Nf1 $2 {[%mdl 8192] [#]} (30. Nxf5 $17 {is a better chance.} Qxf5 31. Qxf5 Rxf5 32. Rxe3 gxf3 33. gxf3) 30... f4 $19 31. Nxe3 fxe3 32. Be2 Ne4 {Strongly threatening ...Qf5.} 33. Bd3 Rf2 34. Re2 Qf8 35. Rxf2 Nxf2+ (35... exf2 $142 36. h3 Ng3+ 37. Kh2 Qf4 38. Qxf2 Qxf2 39. hxg4 Re3 40. Rd1 Ne2 41. Bxe2 Qg3+ 42. Kg1 Rxe2 {[%mdl 64] Double Attack} 43. Kh1 Qxg2#) 36. Kg1 Nxd3 {Accuracy: White = 34%, Black = 74%.} 0-1

[Event "Asian Continental-ch Open 2019"]
[Site "XingTai"]
[Date "2019.06.08"]
[Round "2.8"]
[White "Zou, Chen"]
[Black "Nihal Sarin"]
[Result "1/2-1/2"]
[WhiteElo "2415"]
[BlackElo "2606"]
[Annotator "TA"]
[PlyCount "95"]
[EventDate "2019.06.06"]
[EventType "swiss"]
[EventCountry "CHN"]
[SourceTitle "playchess.com"]
[Source "ChessBase"]
[SourceQuality "1"]

{[%evp 28,95,6,10,26,16,26,25,21,16,22,22,22,25,37,33,27,17,10,18,10,9,10,15,8,17,15,0,10,4,25,4,5,7,16,14,10,5,14,0,12,0,17,16,17,19,27,24,26,37,47,16,29,8,6,0,0,0,0,0,0,0,0,0,0,0,0,0,0,0]} 1. d4 Nf6 2. c4 c5 3. d5 g6 4. Nc3 Bg7 5. e4 O-O 6. Nf3 e6 7. Bd3 exd5 8. cxd5 d6 9. h3 b5 10. Nxb5 Nxe4 11. O-O Re8 12. Re1 a6 13. Na3 Nf6 14. Rxe8+ Nxe8 15. Bg5 Qc7 {A70: Modern Benoni: 6 e4 g6 7 Nf3} (15... Nf6 16. Nc4 Bb7 17. Bc2 Qc7 18. Bxf6 Bxf6 19. Ba4 Nd7 20. Bxd7 Qxd7 21. Nb6 Qf5 22. Nxa8 Bxa8 23. Qe2 Bxd5 {1-0 (84) Karjakin,S (2721)-Gashimov,V (2730) Baku 2009}) 16. Qa4 Nd7 17. Re1 Nef6 $1 {White has an edge.} 18. Qc6 Qb8 $1 19. Nc4 Bb7 20. Qxd6 Bxd5 21. Qxb8+ Rxb8 {[#]} 22. Nfd2 $146 ({Predecessor:} 22. Bf4 Ra8 23. Bd2 {½-½ (64) Horvath,C (2535)-Hardicsay,P (2360) Hungary 1994}) 22... Nf8 23. Bf4 Rd8 24. Bf1 Ne6 25. Be5 Ne8 26. Bxg7 Kxg7 27. Nb1 N8c7 28. Nc3 Ba8 29. Rd1 Rxd1 30. Nxd1 f5 31. f3 Kf6 32. Kf2 g5 33. Nde3 h5 34. Bd3 f4 35. Nf1 Bd5 36. Nfd2 Ke7 37. Be4 Bxc4 38. Nxc4 $11 {[%mdl 4096] Endgame KBN-KNN} Nd4 39. Bd3 Ke6 40. Ke1 Nd5 {The position is equal.} 41. Nd2 Ne3 42. Bxa6 Nxg2+ 43. Kf2 Ne3 {Black wants to play ...Nd1+.} 44. Ne4 Nd1+ 45. Kg2 Ne3+ 46. Kf2 Nd1+ 47. Kg2 Ne3+ 48. Kf2 {Accuracy: White = 68%, Black = 63%.} 1/2-1/2

[Event "Asian Continental-ch Open 2019"]
[Site "XingTai"]
[Date "2019.06.08"]
[Round "2.9"]
[White "Narayanan.S.L"]
[Black "Vishnu Prasanna. V"]
[Result "0-1"]
[WhiteElo "2603"]
[BlackElo "2511"]
[Annotator "TA"]
[PlyCount "80"]
[EventDate "2019.06.06"]
[EventType "swiss"]
[EventCountry "CHN"]
[SourceTitle "playchess.com"]
[Source "ChessBase"]
[SourceQuality "1"]

{[%evp 20,80,56,22,43,46,50,44,46,29,54,55,74,30,35,27,43,13,12,8,30,22,12,30,15,0,0,0,0,0,0,0,6,0,0,0,0,0,3,0,0,-18,0,0,0,-33,-35,-50,-14,-55,11,-185,-184,-1014,-958,-1793,-1790,-1284,-1181,-29988,-29989,-29989,-29990]} 1. d4 Nf6 2. c4 g6 3. Nc3 Bg7 4. e4 d6 5. Nf3 O-O 6. Be2 e5 7. O-O exd4 8. Nxd4 Re8 9. f3 c6 10. Kh1 Nbd7 11. Nc2 Qe7 {E94: King's Indian: Classical: 6 Be2 e5 7 0-0: Various Black 7th moves} (11... Nb6 12. Bg5 Be6 13. Ne3 h6 14. Bh4 g5 15. Bf2 d5 16. cxd5 cxd5 17. e5 Nfd7 18. Nexd5 Nxd5 19. Nxd5 Nxe5 {1-0 (63) Kovalenko,I (2584)-Kokarev,D (2619) Magnitogorsk 2011}) 12. Bg5 Nc5 13. Qd2 Ne6 {White is slightly better.} 14. Be3 Rd8 $146 ({Predecessor:} 14... Nh5 15. Rad1 Rd8 16. f4 Nf6 17. Bf3 Rd7 18. Qf2 Rd8 19. Rfe1 {½-½ (58) Malich,B (2349)-Delitzsch,J (2242) Germany 2013}) 15. Rad1 b6 16. Qe1 Bb7 17. Qf2 Rac8 18. Rd2 d5 19. e5 Nd7 20. cxd5 cxd5 21. f4 f6 22. Bf3 fxe5 23. Nxd5 Bxd5 24. Bxd5 {[#] Strongly threatening f5.} Nf6 25. Bb3 {Black must now prevent Rxd8+.} Kh8 26. Rxd8+ Rxd8 27. Qe2 Ne4 28. fxe5 Bxe5 {And now ...Qh4! would win.} 29. Qg4 N6c5 30. Nb4 {aiming for Nc6!} Rf8 ({Don't blunder} 30... Nxb3 $2 31. Nc6 $18) 31. Rxf8+ Qxf8 32. Kg1 Nf6 $40 {[%mdl 128] Black is up to no good.} 33. Qc4 Nxb3 34. axb3 b5 (34... Qd6 $15 35. Kh1 Bxh2) 35. Qh4 $2 (35. Qxb5 $11 {and White has nothing to worry.} Ng4 36. Kh1) 35... Qd6 $19 ({Don't do} 35... Bxb2 36. Nd3 $15) 36. Kf2 $2 (36. Nc2) 36... Qd1 {...g5 is the strong threat.} 37. h3 g5 {[%mdl 64] [#] Deflection} 38. Bxg5 Bd4+ 39. Kg3 Qe1+ {[%mdl 64] Double Attack} 40. Kf3 Qf1+ {Accuracy: White = 30%, Black = 64%.} 0-1

[Event "Asian Continental-ch Open 2019"]
[Site "XingTai"]
[Date "2019.06.08"]
[Round "2.10"]
[White "Karthikeyan, Murali"]
[Black "Xu, Zhihang"]
[Result "1-0"]
[WhiteElo "2593"]
[BlackElo "2504"]
[Annotator "TA"]
[PlyCount "51"]
[EventDate "2019.06.06"]
[EventType "swiss"]
[EventCountry "CHN"]
[SourceTitle "playchess.com"]
[Source "ChessBase"]
[SourceQuality "1"]

{[%evp 12,51,11,14,13,10,10,17,19,10,-2,-7,-2,10,79,44,118,115,112,114,125,98,110,127,122,111,112,99,193,183,578,569,499,436,618,618,592,600,591,586,542,531]} 1. e4 e5 2. Nf3 Nc6 3. Bb5 a6 4. Ba4 Nf6 5. d3 b5 6. Bb3 Bc5 7. Nc3 d6 {C77: Ruy Lopez: 3...a6 4 Ba4 Nf6, unusual lines} 8. Nd5 h6 9. c3 O-O {The position is equal.} (9... Rb8 10. O-O O-O 11. d4 Ba7 12. Be3 Bg4 13. dxe5 Nxd5 14. Qxd5 Bxe3 15. fxe3 {0-1 (48) Salem,A (2660)-Mamedyarov,S (2817) St Petersburg 2018}) 10. Nxf6+ Qxf6 11. Bd5 Bd7 12. Rg1 Rae8 {[#]} (12... h5 $1 $11 {keeps the balance.}) 13. g4 $1 $16 {[%cal Rg4g5]} Qd8 $146 (13... Qg6 $14) ({Predecessor:} 13... Qg6 14. g5 Qh5 15. gxh6 {0-1 (34) Lou,Y (2462)-Dai,C (2437) Shenzhen 2017}) 14. g5 g6 15. gxh6 Kh8 16. Qe2 a5 17. Bg5 f6 18. Bd2 $36 {[%mdl 2048] Keeping Black busy.} Ne7 19. Nh4 Kh7 (19... c6 $16) 20. O-O-O $18 {Black must now prevent Nxg6!} ({Much less strong is} 20. Nxg6 $6 Rg8 $14) 20... c6 $2 {[#]} (20... Rg8 21. Bxg8+ Rxg8) 21. Nxg6 $1 {[%mdl 512] White is clearly winning.} cxd5 (21... Nxg6 22. Qh5) 22. Qh5 {Hoping for Nxe7.} Be6 (22... Bxf2 $142 23. Nxe7 Rxe7) 23. Nxe7 Rxe7 {[#]} 24. Rg7+ $1 {[%mdl 512]} Kh8 (24... Rxg7 25. hxg7+) 25. Qg6 {[%csl Gg7][%cal Rg6h7]} Bg8 {Threatening ...Qe8.} 26. Rg1 {Accuracy: White = 77%, Black = 40%.} 1-0

[Event "Asian Continental-ch Open 2019"]
[Site "XingTai"]
[Date "2019.06.08"]
[Round "2.11"]
[White "Xu, Xiangyu"]
[Black "Krishna C R G"]
[Result "1/2-1/2"]
[WhiteElo "2583"]
[BlackElo "2481"]
[Annotator "ChessBase"]
[PlyCount "62"]
[EventDate "2019.06.06"]
[EventType "swiss"]
[EventCountry "CHN"]
[SourceTitle "playchess.com"]
[Source "ChessBase"]
[SourceQuality "1"]
[TimeControl "40/5400+30:1800+30"]

1. d4 {[%emt 0:00:00]} d5 {[%emt 0:00:00]} 2. c4 {[%emt 0:00:00]} c6 {[%emt 0:00:00]} 3. Nf3 {[%emt 0:02:06]} Nf6 {[%emt 0:00:00]} 4. Nc3 {[%emt 0:00:06]} a6 {[%emt 0:00:00]} 5. c5 {[%emt 0:01:54]} Nbd7 {[%emt 0:01:24]} 6. Bf4 {[%emt 0:00:20]} Nh5 {[%emt 0:00:07]} 7. Bd2 {[%emt 0:00:09]} g6 {[%emt 0:00:51]} 8. Qc2 {[%emt 0:20:49]} Bg7 {[%emt 0:04:09]} 9. g4 {[%emt 0:01:57]} Nhf6 {[%emt 0:00:13]} 10. g5 {[%emt 0:00:05]} Nh5 {[%emt 0:02:25]} 11. e4 {[%emt 0:00:11]} dxe4 {[%emt 0:08:03]} 12. Nxe4 {[%emt 0:00:20]} Nf8 {[%emt 0:00:45]} 13. Be3 {[%emt 0:39:16]} Bg4 {[%emt 0:08:08]} 14. Ne5 {[%emt 0:05:55]} Bf5 {[%emt 0:24:54]} 15. O-O-O {[%emt 0:05:58]} Qc7 {[%emt 0:17:03]} 16. Be2 {[%emt 0:14:24]} Ne6 {[%emt 0:03:38]} 17. Bxh5 {[%emt 0:01:40]} gxh5 {[%emt 0:09:25]} 18. Nxf7 {[%emt 0:00:05]} Rf8 {[%emt 0:02:14]} 19. Ne5 {[%emt 0:01:16]} Bxe5 {[%emt 0:00:30]} 20. dxe5 {[%emt 0:00:08]} Qxe5 {[%emt 0:00:07]} 21. f3 {[%emt 0:00:11]} Bg6 {[%emt 0:08:49]} 22. Rhf1 {[%emt 0:00:31]} Nxg5 {[%emt 0:01:05]} 23. Qd2 {[%emt 0:03:37]} Nxe4 {[%emt 0:07:04]} 24. fxe4 {[%emt 0:00:03]} Rxf1 {[%emt 0:00:31]} 25. Qd7+ {[%emt 0:00:03]} Kf7 {[%emt 0:00:04]} 26. Rxf1+ {[%emt 0:00:03]} Kg8 {[%emt 0:00:03]} 27. Qxb7 {[%emt 0:00:21]} Rb8 {[%emt 0:00:28]} 28. Bh6 {[%emt 0:00:56]} Bxe4 {[%emt 0:01:27]} 29. Qb3+ {[%emt 0:00:24]} e6 {[%emt 0:00:29]} 30. Qg3+ {[%emt 0:01:34]} Qxg3 {[%emt 0:00:02]} 31. hxg3 {[%emt 0:00:05]} Bf5 {[%emt 0:00:52]} 1/2-1/2

[Event "Asian Continental-ch Open 2019"]
[Site "XingTai"]
[Date "2019.06.08"]
[Round "2.12"]
[White "Aryan Chopra"]
[Black "Rahul Srivatshav P"]
[Result "1/2-1/2"]
[WhiteElo "2553"]
[BlackElo "2395"]
[Annotator "ChessBase"]
[PlyCount "84"]
[EventDate "2019.06.06"]
[EventType "swiss"]
[EventCountry "CHN"]
[SourceTitle "playchess.com"]
[Source "ChessBase"]
[SourceQuality "1"]
[TimeControl "40/5400+30:1800+30"]

1. e4 {[%emt 0:00:00]} c6 {[%emt 0:00:00]} 2. d4 {[%emt 0:00:00]} d5 {[%emt 0:00:00]} 3. e5 {[%emt 0:00:00]} Bf5 {[%emt 0:00:00]} 4. Be3 {[%emt 0:00:06]} e6 {[%emt 0:02:18]} 5. Nd2 {[%emt 0:00:07]} Nd7 {[%emt 0:00:27]} 6. Ngf3 {[%emt 0:00:24]} Qc7 {[%emt 0:04:40]} 7. Nh4 {[%emt 0:07:31]} Ne7 {[%emt 0:00:18]} 8. g4 {[%emt 0:00:08]} Bg6 {[%emt 0:02:09]} 9. Nxg6 {[%emt 0:04:22]} hxg6 {[%emt 0:05:57]} 10. f4 {[%emt 0:10:12]} c5 {[%emt 0:03:18]} 11. c3 {[%emt 0:00:13]} Nc6 {[%emt 0:03:18]} 12. Nf3 {[%emt 0:04:23]} Be7 {[%emt 0:16:07]} 13. a3 {[%emt 0:09:08]} O-O-O {[%emt 0:07:10]} 14. b4 {[%emt 0:05:52]} cxd4 {[%emt 0:07:02]} 15. cxd4 {[%emt 0:00:08]} a6 {[%emt 0:06:01]} 16. Rc1 {[%emt 0:10:20]} Kb8 {[%emt 0:04:39]} 17. Bd3 {[%emt 0:04:04]} b5 {[%emt 0:07:57]} 18. a4 {[%emt 0:03:46]} Qb7 {[%emt 0:00:25]} 19. axb5 {[%emt 0:02:12]} axb5 {[%emt 0:00:44]} 20. O-O {[%emt 0:10:12]} Na7 {[%emt 0:01:45]} 21. f5 {[%emt 0:05:56]} gxf5 {[%emt 0:01:11]} 22. gxf5 {[%emt 0:00:10]} Nb6 {[%emt 0:06:13]} 23. Ng5 {[%emt 0:03:10]} Bxg5 {[%emt 0:00:25]} 24. Bxg5 {[%emt 0:00:04]} Rc8 {[%emt 0:02:12]} 25. Qg4 {[%emt 0:03:40]} Rxc1 {[%emt 0:03:02]} 26. Bxc1 {[%emt 0:00:44]} Qc8 {[%emt 0:00:07]} 27. Kh1 {[%emt 0:09:26]} Qc3 {[%emt 0:04:03]} 28. Qxg7 {[%emt 0:00:14]} Qxd3 {[%emt 0:05:39]} 29. Qxh8+ {[%emt 0:00:05]} Kb7 {[%emt 0:00:12]} 30. Re1 {[%emt 0:03:32]} Qf3+ {[%emt 0:00:22]} 31. Kg1 {[%emt 0:00:01]} Qg4+ {[%emt 0:00:08]} 32. Kf2 {[%emt 0:01:18]} Qxf5+ {[%emt 0:00:15]} 33. Kg3 {[%emt 0:00:34]} Qd3+ {[%emt 0:04:03]} 34. Kh4 {[%emt 0:03:25]} Qxd4+ {[%emt 0:00:29]} 35. Kg3 {[%emt 0:01:04]} Qd3+ {[%emt 0:00:44]} 36. Kg2 {[%emt 0:00:47]} Qc2+ {[%emt 0:01:34]} 37. Kh1 {[%emt 0:00:26]} Qf2 {[%emt 0:00:13]} 38. Rg1 {[%emt 0:00:05]} Qf3+ {[%emt 0:00:16]} 39. Rg2 {[%emt 0:00:01]} Qf1+ {[%emt 0:00:49]} 40. Rg1 {[%emt 0:00:00]} Qf3+ {[%emt 0:00:00]} 41. Rg2 {[%emt 0:00:07]} Qf1+ {[%emt 0:00:40]} 42. Rg1 {[%emt 0:00:05]} Qf3+ {[%emt 0:34:08] Kg2 Qd3 Re1 Nc6} 1/2-1/2

[Event "Asian Continental-ch Open 2019"]
[Site "XingTai"]
[Date "2019.06.08"]
[Round "2.13"]
[White "Le, Quang Liem"]
[Black "Vignesh N R"]
[Result "1-0"]
[WhiteElo "2694"]
[BlackElo "2459"]
[Annotator "TA"]
[PlyCount "131"]
[EventDate "2019.06.06"]
[EventType "swiss"]
[EventCountry "CHN"]
[SourceTitle "playchess.com"]
[Source "ChessBase"]
[SourceQuality "1"]

{[%evp 9,131,24,29,23,30,19,21,18,48,50,44,14,53,39,75,52,56,26,53,60,94,90,91,34,37,10,10,10,17,-6,0,0,0,-10,29,22,35,25,35,-17,16,0,45,0,0,0,42,45,54,37,102,63,225,172,165,0,76,84,97,92,101,96,102,21,33,25,27,25,122,122,122,122,122,122,122,122,122,122,122,122,122,122,122,122,122,122,122,122,122,122,122,122,122,114,122,122,5134,4966,4682,4772,4590,4603,4578,3040,3603,3556,5141,5109,2293,603,5073,592,29979,29980,29981,29982,29982,29983,29983,29984,29984,29985,29985,29986]} 1. e4 c5 2. Nc3 d6 3. d4 cxd4 4. Qxd4 e5 (4... Nc6 5. Qd2 Nf6 6. b3 e6 7. Bb2 d5 8. exd5 exd5 9. O-O-O Be6 10. a3 Bc5 11. Nf3 {½-½ (49) Caruana,F (2819)-Vachier Lagrave,M (2773) Karlsruhe/Baden Baden 2019}) 5. Bb5+ Nc6 $146 ({Predecessor:} 5... Nd7 6. Qd3 h6 7. Nf3 Ngf6 8. Nd2 Be7 9. Nc4 O-O 10. Bxd7 Bxd7 11. Ne3 Be6 12. Ned5 Nxd5 13. Nxd5 Rc8 14. O-O Bxd5 15. Qxd5 Qb6 16. c3 {1-0 (38) Ramiro Ovejero,J (2303)-Moreno Gracia,D (2322) Aragon 2012}) 6. Qd3 {B23: Closed Sicilian: Lines without g3} Nf6 7. Nge2 Be7 8. Bg5 {The position is equal.} h6 9. Bxf6 Bxf6 10. Rd1 Be7 11. Nd5 a6 12. Bc4 Na5 13. a3 Nxc4 14. Qxc4 {Strongly threatening Nc7+.} Be6 15. Nc7+ Kd7 16. Nxe6 (16. Nd5 $1 $16) 16... fxe6 $14 17. Qb3 Qa5+ $1 18. c3 Qb5 19. Qc2 g5 20. O-O Rac8 21. Rd3 Qb6 22. c4 Rc6 23. b3 h5 24. a4 (24. Nc3 $14) 24... Qb4 25. Nc3 Rf8 26. Qd1 g4 27. h3 gxh3 28. Rxh3 h4 29. Na2 $1 {[%cal Ra2b4]} Qc5 {[#]} (29... Qb6 $14) 30. Nc1 $1 $16 b5 $2 (30... Rcc8 $14) 31. Nd3 $18 Qd4 32. Nb4 $2 (32. axb5 $18 axb5 33. cxb5) 32... Qxd1 (32... Rb6 $11 {keeps the balance.} 33. Qxd4 exd4 34. cxb5 axb5) 33. Rxd1 $16 Rcc8 34. axb5 axb5 35. cxb5 {Nc6 is the strong threat.} Rb8 36. Nc6 (36. Ra1 $16 {Hoping for Ra7+.} Rxb5 37. Ra7+ Ke8 38. Nc6) 36... Rxb5 $11 37. Nxe7 Kxe7 38. Rxh4 Rxb3 {[%mdl 4096] Endgame KRR-KRR} (38... d5 $11) 39. Rh7+ $16 Rf7 40. Rxf7+ {[%mdl 64] Overworked Piece} Kxf7 41. Rxd6 {KR-KR} Rb4 42. f3 Rb2 43. Kh2 Ra2 44. Rd8 Rb2 45. Rh8 Kg6 46. Kh3 Rf2 47. Rh4 Kg5 48. Rg4+ Kf6 49. Kh4 Rf1 50. Kh5 Rh1+ 51. Rh4 Rg1 52. g4 Rg3 $2 {[%mdl 8192] [#]} (52... Rb1 $16) 53. Kh6 $1 $18 Rg1 54. Rh5 Rg3 55. g5+ Kf7 56. Rh1 Rg2 57. Rh4 Rg3 58. f4 exf4 59. Rxf4+ Ke7 60. g6 (60. e5 $142 Rh3+ 61. Kg7) 60... e5 61. Rf5 {White mates.} Ke6 62. g7 Rh3+ 63. Kg6 Rg3+ 64. Rg5 Rxg5+ 65. Kxg5 Kf7 66. Kf5 {Accuracy: White = 61%, Black = 29%.} 1-0

[Event "Asian Continental-ch Open 2019"]
[Site "XingTai"]
[Date "2019.06.08"]
[Round "2.14"]
[White "Adhiban, B.."]
[Black "Bilguun, Sumiya"]
[Result "1/2-1/2"]
[WhiteElo "2676"]
[BlackElo "2478"]
[Annotator "TA"]
[PlyCount "135"]
[EventDate "2019.06.06"]
[EventType "swiss"]
[EventCountry "CHN"]
[SourceTitle "playchess.com"]
[Source "ChessBase"]
[SourceQuality "1"]

{[%evp 21,135,31,30,37,56,66,60,35,60,47,60,47,60,52,79,69,77,87,138,87,101,101,134,134,141,131,133,125,164,158,141,156,153,100,106,71,71,71,71,71,71,71,71,71,130,138,131,141,135,133,183,178,144,175,164,150,137,130,163,131,177,122,122,122,122,122,122,122,419,12,12,12,12,0,0,0,8,0,12,12,12,12,12,0,0,0,19,19,8,8,20,20,20,20,118,0,0,0,20,20,20,20,20,12,20,20,20,20,20,20,118,118,180,0,195,0]} 1. e4 c5 2. Nf3 Nc6 3. d4 cxd4 4. Nxd4 g6 5. c4 Bg7 6. Be3 Nf6 7. Nc3 d6 8. Be2 O-O 9. O-O Bd7 10. h3 Nxd4 11. Bxd4 Bc6 12. Qc2 {B38: Sicilian: Maroczy Bind with 5...Bg7 and 7...0-0} Nd7 13. Bxg7 Kxg7 14. Rad1 {White is slightly better.} a5 15. Bg4 Nc5 16. e5 {[#]} h5 $146 ({Predecessor:} 16... f5 17. Be2 Ne6 18. Rfe1 Qc7 19. exd6 exd6 {1-0 (48) Andreikin,D (2732)-Jones,G (2645) Reykjavik 2016}) 17. Be2 Ne6 18. Rfe1 a4 19. Bf1 Ra5 (19... Qa5 $142) 20. exd6 (20. b4 $142 axb3 21. axb3) 20... exd6 $16 21. Nb5 Bxb5 22. Qc3+ Kh7 23. cxb5 Ra8 {[%cal Ba5a8,Ba8d8,Bd8d4][%mdl 32]} 24. Qg3 d5 25. Qf3 Qc7 26. Rxd5 Rad8 27. Rde5 ({White should play} 27. Rxd8 Rxd8 28. Bc4 $1 {[%mdl 512]}) 27... Kg7 28. Qa3 (28. b3 {keeps more tension.} axb3 29. Qxb3 Rd4 30. a4 b6 31. Qb2) 28... Rd4 29. Qc3 Qxc3 30. bxc3 Rd6 31. Bc4 {[%cal Rc4e6]} Rc8 32. Bxe6 Rxe6 ({Black should try} 32... fxe6 33. Rxe6 Rxe6 34. Rxe6 Rxc3) 33. Rxe6 fxe6 {[%mdl 4096] Endgame KR-KR} 34. Re4 $1 Rxc3 35. Rxa4 ({Don't do} 35. Rxe6 Rc1+ 36. Kh2 Rc2 $14) 35... Rc1+ 36. Kh2 Rb1 37. Ra5 $1 b6 38. Ra7+ Kf6 {[#]} 39. a4 $1 h4 40. Ra6 Ra1 41. Rxb6 (41. g3 $18) 41... Rxa4 42. Rb8 Rb4 43. b6 Rb2 44. b7 Kg7 $2 {[%mdl 8192] [#]} (44... Ke5 $16 {is a better defense.} 45. Rh8 Rxb7) 45. f4 $2 (45. f3 $1 $18) 45... Rb3 $11 46. Kg1 Rb4 $1 47. Kh1 Rb1+ 48. Kh2 Rb3 49. Kg1 Rb4 $1 50. Kf2 {Hoping for Ke3.} Rxf4+ 51. Ke3 Rb4 52. Kd3 e5 53. Kc3 Rb1 54. Kc4 {And now Kd5 would win.} e4 55. Kd4 e3 56. Kxe3 {Kd4 is the strong threat.} Rb4 57. Kf3 {Threatens to win with g4.} Kh7 (57... Rb3+ $1 $11 58. Ke2 Rb2+ 59. Kf3 Rb3+ 60. Ke4 Rb5) 58. Ke3 (58. g4 $16) 58... Kg7 59. Kd3 Kh7 60. Kc3 Rb1 61. Kd4 Kg7 62. Ke5 {aiming for Kd6.} Rb2 63. Ke6 {Strongly threatening Kd6.} Re2+ 64. Kd5 Rd2+ 65. Ke4 Re2+ (65... Rb2 $11 {remains equal.} 66. Kf4 Rb4+ 67. Ke5 Rb5+ 68. Kd4 Rb2) 66. Kf4 Rf2+ 67. Ke4 Re2+ 68. Kf4 $2 {Accuracy: White = 64%, Black = 57%.} (68. Kd4 $18 Rb2 69. Kd5) 1/2-1/2